Прикамские посиделки: [частушки]

Dades bibliogràfiques
Altres autors: Зырянов И. В. Иван Васильевич (составитель), Тарасова М. (художник)
Sumari:В суперобложке и футляре.
Idioma:rus
Publicat: Пермь, Пермское книжное издательство, 1975
Matèries:
Format: MixedMaterials Llibre
KOHA link:https://koha.lib.tpu.ru/cgi-bin/koha/opac-detail.pl?biblionumber=215131

MARC

LEADER 00000nam0a2200000 4500
001 215131
005 20231031193756.0
010 |b 8500 экз. 
035 |a (RuTPU)RU\TPU\book\235028 
090 |a 215131 
100 |a 20120504d1975 m y0rusy50 ca 
101 0 |a rus 
102 |a RU 
105 |a a z 001gy 
200 1 |a Прикамские посиделки  |e [частушки]  |f записал И. В. Зырянов ; худ. М. Тарасова 
210 |a Пермь  |c Пермское книжное издательство  |d 1975 
215 |a 385 с.  |c ил.  |d 12,5 см 
300 |a В суперобложке и футляре. 
320 |a Географический указатель: с. 383-385. 
610 1 |a русский фольклор 
610 1 |a устное народное творчество 
610 1 |a частушки 
610 1 |a миниатюрные издания 
675 |a 811  |v 3 
702 1 |a Зырянов  |b И. В.  |g Иван Васильевич  |4 220 
702 1 |a Тарасова  |b М.  |4 040 
801 1 |a RU  |b 63413507  |c 20120504 
801 2 |a RU  |b 63413507  |c 20120525  |g RCR 
942 |c BK